Emerging applications in free boundary problems : proceedings of the International Colloquium 'Free Boundary Problems, Theory and Applications'
Saved in:
| Corporate Author: | |
|---|---|
| Other Authors: | , |
| Format: | Conference Proceeding Book |
| Language: | English |
| Published: |
Harlow, Essex, England ; New York :
Longman Scientific & Technical : Wiley,
1993.
|
| Series: | Pitman research notes in mathematics series ;
280 |
| Subjects: | |
| Tags: |
Add Tag
No Tags, Be the first to tag this record!
|
MARC
| LEADER | 00000cam a2200000 i 4500 | ||
|---|---|---|---|
| 001 | 1/39497 | ||
| 008 | 941103s1993###3enk| ||| |||| ||eng|| | ||
| 020 | |a 0582087686 | ||
| 035 | |l 10041026 | ||
| 035 | |a 1993 | ||
| 040 | |a GR-MyUA |b gre |e AACR2 | ||
| 041 | 0 | |a eng | |
| 082 | 0 | |a 515.35 |2 (20) | |
| 111 | 2 | |a Symposium on "Free Boundary Problems: Theory & Applications" |d (1990 : |c Montréal, Québec) | |
| 245 | 1 | 0 | |a Emerging applications in free boundary problems : |b proceedings of the International Colloquium 'Free Boundary Problems, Theory and Applications' / |c John M. Chadam and Henning Rasmussen, editors. |
| 260 | |a Harlow, Essex, England ; |a New York : |b Longman Scientific & Technical : |b Wiley, |c 1993. | ||
| 300 | |a 272 σ. : |b εικ. ; |c 25 εκ. | ||
| 490 | 1 | |a (Pitman research notes in mathematics series |v ; 280) | |
| 500 | |a "Held in Montreal (Canada) from June 13 to June 22, 1990"--Pref | ||
| 504 | |a Περιέχει βιβλιογραφικές αναφορές. | ||
| 650 | 0 | 0 | |a Boundary value problems |x Congresses. |
| 700 | 1 | |a Chadam, John M. |e edt | |
| 700 | 1 | |a Rasmussen, Henning, |c Ph. D. |e edt | |
| 830 | 0 | |a Pitman research notes in mathematics series ; |v 280 | |
| 852 | |a INST |b SAMOS |e 19941103 |h 515.35 SYM |p 005300007167 |q 005300007167 |t BK |y 0 | ||
| 909 | |a Σ |b 030667 | ||